<?xml version="1.0" encoding="UTF-8"?><?xml-stylesheet type="text/xsl" href="static/style.xsl"?><OAI-PMH xmlns="http://www.openarchives.org/OAI/2.0/" xmlns:xsi="http://www.w3.org/2001/XMLSchema-instance" xsi:schemaLocation="http://www.openarchives.org/OAI/2.0/ http://www.openarchives.org/OAI/2.0/OAI-PMH.xsd"><responseDate>2026-04-17T14:36:37Z</responseDate><request verb="GetRecord" identifier="oai:www.recercat.cat:2099.1/21814" metadataPrefix="marc">https://recercat.cat/oai/request</request><GetRecord><record><header><identifier>oai:recercat.cat:2099.1/21814</identifier><datestamp>2025-07-22T19:09:20Z</datestamp><setSpec>com_2072_1033</setSpec><setSpec>col_2072_452951</setSpec></header><metadata><record xmlns="http://www.loc.gov/MARC21/slim" xmlns:dcterms="http://purl.org/dc/terms/" xmlns:xsi="http://www.w3.org/2001/XMLSchema-instance" xmlns:doc="http://www.lyncode.com/xoai" xsi:schemaLocation="http://www.loc.gov/MARC21/slim http://www.loc.gov/standards/marcxml/schema/MARC21slim.xsd">
   <leader>00925njm 22002777a 4500</leader>
   <datafield ind2=" " ind1=" " tag="042">
      <subfield code="a">dc</subfield>
   </datafield>
   <datafield ind2=" " ind1=" " tag="720">
      <subfield code="a">Pouplana Sardà, Ignasi de</subfield>
      <subfield code="e">author</subfield>
   </datafield>
   <datafield ind2=" " ind1=" " tag="260">
      <subfield code="c">2013-07-15</subfield>
   </datafield>
   <datafield ind2=" " ind1=" " tag="520">
      <subfield code="a">El Mètode dels Elements Discrets (MED) és una tècnica numèrica que discretitza un material per simular discontinu o continu mitjançant la interacció de grans quantitats d’elements rígids.L’Aplicació del MED és un codi escrit en C++ del Mètode dels Elements Discrets que està sent desenvolupat dins KRATOS, una plataforma oberta destinada a la implementació de mètodes numèrics per la resolució de problemes d’enginyeria.Nombrosos models de contacte han estat aplicats en simulacions del MED, però en l’Aplicació de MED hem estat utilitzant el model de molla lineal amb amortidor. La molla lineal genera les forces d’atracció o repulsió entre les partícules, i l’amortidor representa una força d’esmorteïment que actua en el sentit contrari de la velocitat per dissipar energia. Sense ell, qualsevol sistema aniria guanyant energia en cada pas de temps degut als errors de l’esquema d’integració temporal explícit i, per tant, els resultats no tindrien validesa.El Mètode dels Elements Discrets ha demostrat ser una poderosa i versàtil eina numèrica per la modelització del comportament de sistemes granulars i de partícules, i també per l’estudi de la micromecànica de materials com el sòl a nivell particular. Tot i així, el mètode també té el potencial per esdevenir una eina efectiva per modelitzar problemes continus, especialment aquells caracteritzats per la transformació del continu al discontinu.En aquest treball es duen a terme diversos experiments amb l’objectiu de validar el codi i verificar les possibilitats actuals de l’Aplicació del MED. Aquests anàlisis inclouen: alguns tests de l’esmorteïment viscós, un model de rellotge de sorra com a exemple de discontinu, i algunes simulacions de continu amb provetes de formigó.</subfield>
   </datafield>
   <datafield tag="653" ind2=" " ind1=" ">
      <subfield code="a">Àrees temàtiques de la UPC::Matemàtiques i estadística::Anàlisi numèrica::Mètodes en elements finits</subfield>
   </datafield>
   <datafield tag="653" ind2=" " ind1=" ">
      <subfield code="a">Finite element method</subfield>
   </datafield>
   <datafield tag="653" ind2=" " ind1=" ">
      <subfield code="a">Mètode dels Elements Discrets (MED)</subfield>
   </datafield>
   <datafield tag="653" ind2=" " ind1=" ">
      <subfield code="a">model de molla lineal amb amortidor</subfield>
   </datafield>
   <datafield tag="653" ind2=" " ind1=" ">
      <subfield code="a">increment d'energia</subfield>
   </datafield>
   <datafield tag="653" ind2=" " ind1=" ">
      <subfield code="a">discontinu</subfield>
   </datafield>
   <datafield tag="653" ind2=" " ind1=" ">
      <subfield code="a">continu</subfield>
   </datafield>
   <datafield tag="653" ind2=" " ind1=" ">
      <subfield code="a">KRATOS</subfield>
   </datafield>
   <datafield tag="653" ind2=" " ind1=" ">
      <subfield code="a">CIMNE</subfield>
   </datafield>
   <datafield tag="653" ind2=" " ind1=" ">
      <subfield code="a">Elements finits, Mètode dels -- Enginyeria civil</subfield>
   </datafield>
   <datafield ind2="0" ind1="0" tag="245">
      <subfield code="a">Validation study of a new implementation of the Discrete Element Method for an open source multiphysics code</subfield>
   </datafield>
</record></metadata></record></GetRecord></OAI-PMH>